000 00625nam a2200253Ia 4500
003 OSt
005 20221007111705.0
006 a|||||r|||| 00| 0
007 ta
008 221006b |||||||| |||| 00| 0 eng d
020 _a8185353220
024 _a24,104
037 _cTextual
040 _aLCO
_cLCO
_beng
041 _2eng
_aeng
082 _aZ, N3
100 _aLord Denning
245 0 _aDiscipline of Law
260 _aNew
_bDelhi Aditya Books Private Limited India
_c1993
300 _a330
650 _aDENNING
_9708452
942 _hZ, N3
_cTEXL
999 _c1193667
_d1193667